THE COMPETITION ACT, 2002 [ 12 OF 2003] (Record no. 9107)

MARC details
000 -LEADER
fixed length control field 00405nam a22001577a 4500
005 - DATE AND TIME OF LATEST TRANSACTION
control field 20260331124752.0
008 - FIXED-LENGTH DATA ELEMENTS--GENERAL INFORMATION
fixed length control field 260331b |||||||| |||| 00| 0 eng d
041 ## - LANGUAGE CODE
Language code of text/sound track or separate title eng
082 ## - DEWEY DECIMAL CLASSIFICATION NUMBER
Classification number 343.5407 BAR-C
100 ## - MAIN ENTRY--AUTHOR NAME
Personal name BARE ACT
245 ## - TITLE STATEMENT
Title THE COMPETITION ACT, 2002 [ 12 OF 2003]
260 ## - PUBLICATION, DISTRIBUTION, ETC. (IMPRINT)
Place of publication DELHI
Name of publisher PROFESSIONAL BOOK PUBLICATION
Year of publication 2026
300 ## - PHYSICAL DESCRIPTION
Number of Pages 280;P
650 ## - SUBJECT ADDED ENTRY--TOPICAL TERM
Topical Term LEGAL STUDIES
942 ## - ADDED ENTRY ELEMENTS (KOHA)
Koha item type Books
Holdings
Lost status Damaged status Collection code Home library Current library Shelving location Date acquired Source of acquisition Cost, normal purchase price Full call number Accession Number Koha item type
    LAW JRU Library JRU Library Reference Section 31/03/2026 PURCHASE 370.00 343.5407 29412 Books
    LAW JRU Library JRU Library   31/03/2026 PURCHASE 370.00 343.5407 29413 Books
    LAW JRU Library JRU Library   31/03/2026 PURCHASE 370.00 343.5407 29414 Books